[Event "19th Delhi GM Open 2022"]
[Site "Delhi"]
[Date "2022.03.25"]
[Round "6.4"]
[White "Karthik Venkataraman"]
[Black "Visakh N R"]
[Result "1-0"]
[WhiteElo "2485"]
[BlackElo "2522"]
[Annotator "TA"]
[PlyCount "107"]
[EventDate "2022.03.22"]
[EventType "swiss"]
[EventCountry "IND"]
[SourceTitle "playchess.com"]
[Source "ChessBase"]
[SourceQuality "1"]

{[%evp 11,107,14,16,4,43,0,0,17,8,4,33,14,37,27,39,11,35,0,0,0,0,0,0,0,0,0,0,0,0,0,0,0,0,0,0,0,97,-736,0,0,85,83,141,132,142,144,174,172,169,181,181,178,185,185,185,170,174,158,252,252,252,252,252,252,250,204,248,0,296,286,279,279,314,314,314,314,314,314,372,346,628,620,618,453,547,491,477,469,29985,29986,29980,450,733,713,29990,29988,29996,310]} 1. d4 Nf6 2. c4 e6 3. Nf3 d5 4. Nc3 Bb4 5. Qa4+ Nc6 6. e3 O-O 7. Qc2 {D38: Queen's Gambit Declined: Ragozin Defence (4 Nf3 Bb4).} a6 8. Bd2 (8. a3 $14 {should be considered.} Bxc3+ 9. Qxc3) 8... Re8 9. a3 {The position is equal.} Bd6 10. h3 dxc4 11. Bxc4 h6 12. O-O e5 13. Rad1 (13. d5 $5 {[%cal Rd5c6]} Ne7 14. Rad1 $11) 13... Bd7 {[#]} 14. Ba2 $146 ({Predecessor:} 14. dxe5 Nxe5 15. Nxe5 Rxe5 16. f4 Bf5 17. Qb3 Re7 18. Qxb7 Bc2 19. Rc1 Rb8 20. Qxa6 Rxb2 {½-½ (33) Nakamura,H (2790)-Aronian,L (2786) Moscow 2016}) 14... Qc8 15. Nd5 Nxd5 16. Bxd5 exd4 17. exd4 (17. Qg6 Be6 18. Bxe6 Rxe6 $17) 17... Bxh3 18. gxh3 (18. Bxc6 Bf5 19. Qc4 bxc6 $17) (18. Qg6 Be6 19. Bxe6 Rxe6 $17) 18... Qxh3 19. Rfe1 $1 {[%cal Oe1e4]} (19. Qg6 $2 Nxd4 $1 {[%mdl 512]} 20. Qxf7+ Kh8 $19) 19... Qg4+ 20. Kf1 {[%cal Oe1e4] aiming for Re4!} Qh3+ 21. Kg1 {[%cal Oe1e4] Black must now prevent Re4!} Nxd4 22. Qd3 {Chess con chili.} (22. Nxd4 Bh2+ 23. Kh1 Bg3+ 24. Kg1 Qh2+ 25. Kf1 Qxf2#) 22... Bh2+ 23. Kh1 c6 {[#]} 24. Rxe8+ (24. Bxf7+ Kh8 25. Nxh2 (25. Rxe8+ $2 Rxe8 26. Nxh2 Qxd3 $19) 25... Qxd3 $15) (24. Qf1 $1 $16 Rxe1 25. Rxe1 Qxf1+ 26. Rxf1 cxd5 27. Nxd4) 24... Rxe8 $11 25. Qf1 Qxf1+ (25... Qh5 $11 {remains equal.} 26. Bxf7+ Qxf7 27. Nxh2 (27. Nxd4 $2 Be5 $19) 27... Nf3) 26. Rxf1 $16 Nxf3 (26... cxd5 $142 27. Nxd4 Bc7) 27. Bxf3 Bc7 28. Rg1 g5 29. Bc3 Kf8 30. Rd1 Be5 31. Bb4+ {A strong pair of Bishops.} Kg7 32. Bh5 Re6 33. Rd7 Rf6 34. Bc5 ({Don't play} 34. Rxb7 Rxf2 35. Bc3 (35. Kg1 Rf5 $16) 35... Bxc3 36. bxc3 a5 $16) 34... b6 (34... Bxb2 $16 {keeps fighting.} 35. Rxb7 Rf5 36. Bxf7 (36. Rxb2 Rxc5 37. Rb7 Rf5 $16) 36... Rxc5) 35. Bxb6 $18 Bxb2 36. Kg2 Rf4 37. Be3 Rf5 38. Bg4 Ra5 39. Bh5 $2 ({Better is} 39. Be6 $18) 39... Rxa3 $2 {[%mdl 8192]} (39... Rf5 $1 $11) 40. Rxf7+ Kh8 41. Rc7 Rb3 42. Rxc6 Kg7 43. Rg6+ Kh7 44. Rxa6 Rb7 45. Bf3 Re7 (45... Rb4 46. Bd1 Kg7 47. Ra7+ Kg8) 46. Kh3 Kg7 47. Kg4 Bf6 48. Bc5 {[%cal Oa6f6] White threatens Rxf6! and mate.} Rc7 49. Bd6 Rc4+ (49... Rd7 $18 50. Be4 Bc3) 50. Kf5 Bd4 51. Bd5 (51. Ra8 $142 Rc2 52. Bf8+ Kh7 53. Ke6 Kg6 54. Be4+ Kh5 55. Bxc2 Kh4 56. Ra4) 51... Rc2 (51... Rc8 $142 52. f3 Rd8) 52. f3 {White wants to mate with Ra8.} Rd2 53. Rc6 Ba1 54. Rc7+ {Weighted Error Value: White=0.42/Black=0.53} 1-0

[Event "19th Delhi GM Open 2022"]
[Site "Delhi"]
[Date "2022.03.25"]
[Round "6.5"]
[White "Mirzoev, Azer"]
[Black "Iniyan, P."]
[Result "1/2-1/2"]
[WhiteElo "2468"]
[BlackElo "2516"]
[Annotator "TA"]
[PlyCount "93"]
[EventDate "2022.03.22"]
[EventType "swiss"]
[EventCountry "IND"]
[SourceTitle "playchess.com"]
[Source "ChessBase"]
[SourceQuality "1"]

{[%evp 16,93,33,29,23,9,23,21,18,16,22,22,21,0,16,14,8,0,0,0,0,0,0,0,0,-20,-7,-13,-9,-15,-10,-9,-4,-6,12,17,19,19,19,19,31,20,14,0,99,38,54,56,50,47,47,47,52,53,31,6,2,4,37,37,44,44,46,19,20,17,17,18,20,12,19,0,12,0,1,0,8,0,0,0]} 1. d4 Nf6 2. Nf3 e6 3. c4 b6 4. a3 Bb7 5. Nc3 Be7 6. Bg5 d5 7. cxd5 exd5 {has lost popularity (7...Nxd5).} 8. Qa4+ c6 9. e3 Nbd7 {E12: Queen's Indian: Unusual White 4th moves, 4 a3, 4 Nc3 Bb7 5 a3 and 4 Nc3 Bb7 .} 10. Be2 O-O 11. O-O Re8 12. Rac1 Bd6 13. Bh4 {[#]} a5 $146 (13... g6 {is more complex.} 14. Bg5 Kg7 15. Bd3 h6 16. Bf4 Qb8) ({Predecessor:} 13... Nf8 14. b4 Ng6 15. Bg3 Bf8 16. Qb3 Nh5 17. Rfd1 Nxg3 18. hxg3 a6 19. a4 b5 {1-0 (41) Drozdovskij,Y (2517)-Azarov,S (2599) Playchess.com INT 2005}) 14. Bg3 Bf8 15. h3 b5 16. Qc2 b4 17. axb4 axb4 18. Na4 Ne4 19. Bf4 Ra5 20. Bd3 Qa8 21. b3 c5 22. dxc5 Ndxc5 23. Nxc5 Rxc5 24. Qb2 Nc3 {[%cal Od5d4]} 25. Ra1 Qd8 {[%cal Od5d4]} 26. Ra7 Qb6 27. Rfa1 f6 28. Nd4 g6 {Prevents Bf5.} 29. h4 {[%cal Oh4h5]} Ne4 (29... Rcc8 $1 $11) 30. Qe2 {White is more active.} (30. f3 $16 Nc3 31. Qd2) 30... Rec8 31. Kh2 Rc1 32. Bxe4 {Chess con chili.} dxe4 33. Qg4 {Hoping for R1a4.} Rxa1 34. Rxa1 Rc5 35. Qe6+ (35. Qd7 {with more complications.} Rd5 36. Qe8 Rd8 37. Qe6+ Qxe6 38. Nxe6 Rd2 39. Ra7) 35... Qxe6 36. Nxe6 Rc3 37. Ra7 Bd5 38. Nxf8 Kxf8 $14 {[%mdl 4096] Endgame KRB-KRB} 39. Bd6+ Kg8 {The position is equal.} 40. Bxb4 Rxb3 41. Bc5 Rb7 42. Ra6 Kf7 43. g4 g5 44. Bd4 Be6 $1 45. Kg3 h6 46. hxg5 hxg5 47. Ra7 {Weighted Error Value: White=0.07 (flawless) /Black=0.09 (flawless)} 1/2-1/2

[Event "19th Delhi GM Open 2022"]
[Site "Delhi"]
[Date "2022.03.25"]
[Round "6.6"]
[White "Sethuraman, S.P."]
[Black "Saptarshi, Roy"]
[Result "1-0"]
[WhiteElo "2619"]
[BlackElo "2402"]
[Annotator "TA"]
[PlyCount "71"]
[EventDate "2022.03.22"]
[EventType "swiss"]
[EventCountry "IND"]
[SourceTitle "playchess.com"]
[Source "ChessBase"]
[SourceQuality "1"]

{[%evp 9,71,0,41,44,54,39,17,0,7,0,0,-20,-25,-24,-25,-29,6,0,79,86,76,76,81,80,142,139,147,147,156,169,157,154,244,261,385,343,390,384,380,372,393,388,359,294,296,259,264,248,261,242,258,273,256,246,310,310,324,318,349,331,365,363,400,335]} 1. d4 d5 2. c4 e6 3. Nc3 c6 4. e4 Bb4 5. Bd2 Ne7 (5... dxe4 $11 6. Nxe4 Qxd4 7. Bxb4 Qxe4+ 8. Ne2 Nd7) 6. Nf3 $14 {D31: Queen's Gambit Declined: Semi-Slav without ...Nf6 (+ Marshall Gambit and Noteboom) and Exchange Variation lines without ...Nf6.} O-O 7. Qc2 {[#]} c5 $146 ({Predecessor:} 7... dxe4 8. Qxe4 Nd7 9. Bd3 Nf6 10. Qe2 b6 11. a3 Bd6 12. O-O Bb7 13. Rad1 Ng6 {½-½ (73) Gustafsson,J (2645)-Suarez Garcia,C (2445) chess24.com INT 2019}) 8. a3 {The position is equal.} Bxc3 9. Bxc3 cxd4 10. Nxd4 e5 11. Nf3 d4 12. Bd2 Nbc6 13. b4 $36 {[%mdl 2048] White is more active.} f5 (13... Qc7 $11) 14. Bd3 $16 {Black is now going downhill.} fxe4 15. Bxe4 Bf5 {...d3 is the strong threat.} 16. Qd3 Qc7 {[#]} (16... a6 $142) 17. O-O $1 Rae8 18. Rfe1 {White is more active.} Bxe4 19. Qxe4 Ng6 20. h4 {[%cal Bh2h4,Bh4h5][%mdl 32]} Qf7 (20... Nd8 $16 {was called for.} 21. h5 Nh8) 21. b5 $18 Nce7 (21... Nb8 $142 22. Bb4 Nd7 23. Bxf8 (23. Qxb7 Rb8 $16) 23... Rxf8) 22. h5 Nf4 23. Bxf4 exf4 24. Qxb7 Nf5 25. Qxf7+ Kxf7 26. Ng5+ Kg8 27. Ne6 Rf7 28. Nxf4 Rxe1+ 29. Rxe1 {[%mdl 4096] Endgame KRN-KRN} Nd6 30. Nd3 Nxc4 31. a4 Kf8 32. Re4 Rd7 33. Nc5 Rd5 34. Ne6+ Kf7 {[%cal Od4d3]} 35. Nxd4 Rxh5 36. Nc6 {Prevents Na5.  Weighted Error Value: White=0.05 (flawless) /Black=0.24 (precise)} 1-0

[Event "19th Delhi GM Open 2022"]
[Site "Delhi"]
[Date "2022.03.25"]
[Round "6.7"]
[White "Shahil Dey"]
[Black "Gukesh D"]
[Result "0-1"]
[WhiteElo "2400"]
[BlackElo "2614"]
[Annotator "TA"]
[PlyCount "52"]
[EventDate "2022.03.22"]
[EventType "swiss"]
[EventCountry "IND"]
[SourceTitle "playchess.com"]
[Source "ChessBase"]
[SourceQuality "1"]

{[%evp 14,52,21,34,24,12,32,39,44,19,26,21,18,8,31,-12,-16,-18,-14,-6,-19,-66,-73,-57,-58,-73,-70,-118,-126,-124,-116,-125,-124,-333,-336,-837,-837,-29984,-29985,-29980,-29981]} 1. e4 {ChessBase II} c6 2. d4 d5 3. Nc3 dxe4 4. Nxe4 Nf6 5. Nxf6+ exf6 6. c3 Bd6 7. Bd3 O-O 8. Qc2 Re8+ {B15: Caro-Kann: 3 Nc3: 3...g6 and 3...dxe4 4 Nxe4 Nf6 5 Nxf6+ exf6.} 9. Ne2 h5 (9... f5 $5) 10. O-O h4 {White is slightly better.} 11. Bf4 Na6 {[%cal Bb8a6,Ba6c7,Bc7e6,Be6f4][%mdl 32]} (11... Rxe2 $2 12. Qxe2 Bxf4 13. Qe4 $18) 12. Rfe1 Nc7 (12... Rxe2 $2 13. Qxe2 Bf5 14. Bxf5 $18) 13. Qd2 {[#]} Bf8 $146 ({Predecessor:} 13... Ne6 14. Bxd6 Qxd6 15. Bc2 Bd7 16. f4 Nc5 17. Nc1 h3 18. Nb3 {½-½ (18) Bacrot,E (2678)-Villegas,P (2354) Brest 2019 CBM 190 Extra [ChessBase II]}) 14. c4 (14. h3 $14 {should be considered.}) 14... Ne6 15. h3 Nxf4 16. Qxf4 f5 ({Much less strong is} 16... g5 17. Qf3 $14) 17. Bxf5 (17. Nc3 $11 {deserves consideration.}) 17... Bxf5 $15 18. Qxf5 Bb4 19. Nc3 Qxd4 20. Rxe8+ ({White should play} 20. Rad1 $15 Rxe1+ 21. Rxe1) 20... Rxe8 $17 21. Rd1 Qxc4 22. Qd7 {[#]} Qe6 23. Qxb7 $2 {[#] This costs White the game.} (23. Qxe6 $17 Rxe6 24. Rd8+ Kh7 25. Kf1) 23... Bd6 $1 $19 {[%cal Oe6e1] ( -> ...Qe1+!)} 24. Rf1 {Prevents Qe1.} (24. Qa6 Qe5 25. g3) 24... Qe5 {[%csl Gd6][%cal Re5h2]} 25. f4 Qd4+ 26. Kh1 Qc4 {Weighted Error Value: White=0.83/Black=0.03 (flawless)} 0-1

[Event "19th Delhi GM Open 2022"]
[Site "Delhi"]
[Date "2022.03.25"]
[Round "6.9"]
[White "Mosadeghpour, Masoud"]
[Black "Padmini, Rout"]
[Result "1/2-1/2"]
[WhiteElo "2511"]
[BlackElo "2350"]
[Annotator "TA"]
[PlyCount "79"]
[EventDate "2022.03.22"]
[EventType "swiss"]
[EventCountry "IND"]
[SourceTitle "playchess.com"]
[Source "ChessBase"]
[SourceQuality "1"]

{[%evp 16,79,24,17,21,41,32,39,42,37,28,0,-8,0,47,27,34,26,42,45,41,43,30,15,17,25,28,0,0,0,0,0,0,0,8,0,0,0,10,12,7,-58,-54,-55,121,77,349,45,299,330,304,-32,-25,-25,-25,-26,-26,-66,-92,-64,0,0,0,-66,0,0]} 1. e4 e5 2. Nf3 Nc6 3. Bb5 {[%cal Bf1b5,Bb5a4,Ba4b3,Bb3c4][%mdl 32]} a6 4. Ba4 Nf6 5. O-O b5 6. Bb3 Bb7 7. d3 Be7 8. c4 bxc4 9. Bxc4 O-O {C84: Closed Ruy Lopez: Unusual White 6th moves.} 10. Nc3 d6 {[%cal Bd7d6,Bd6d5][%mdl 32]} 11. a3 Nd4 {White is slightly better.} 12. b4 c6 13. Rb1 {[#]} d5 $146 ({Predecessor:} 13... Rb8 14. Bb2 d5 15. Ba2 Nxf3+ 16. Qxf3 d4 17. Ne2 a5 18. Bc4 axb4 19. axb4 Bc8 {0-1 (40) Bellin,R (2440)-Flear,G (2320) Brighton/ East Sussex 1980}) 14. Ba2 Nxf3+ (14... a5 $11 {was preferrable.}) 15. Qxf3 $14 Qd6 16. Bg5 Rad8 17. Rfc1 h6 18. Bh4 Nh7 19. Bg3 {[%cal Od3d4]} Bg5 20. Rd1 Bf4 21. h4 {Inhibits Ng5.} Bxg3 22. Qxg3 Nf6 {[%cal Bh7f6,Bf6h5,Bh5f4][%mdl 32]} 23. Re1 Nh5 24. Qf3 Nf4 25. d4 exd4 26. e5 Qe7 {[%cal Of4g2]} 27. Qxf4 dxc3 28. Rbc1 (28. Qd4 $1 $11) 28... d4 $15 29. e6 fxe6 (29... Kh8 $1 $15 30. exf7 Qf6 31. Qxf6 gxf6) 30. Rxe6 $16 Qf7 {[%mdl 8192] [#]} (30... Rxf4 $16 {was necessary.} 31. Rxe7+ Kh8) 31. Qxf7+ $2 (31. Re8 $1 $18 {[%mdl 512]} Rdxe8 32. Bxf7+ Rxf7 33. Qxd4) 31... Rxf7 $4 {[%mdl 8192]} (31... Kxf7 $14 32. Rxc6+ (32. Rce1 Kg8 $15) 32... Ke8 33. Re1+ Kd7) 32. Re7 $1 $18 {[%mdl 64] Pin} Rd5 {[#]} 33. Bxd5 $2 (33. Re4 $1 $18) 33... cxd5 $15 34. Rxf7 Kxf7 $18 {[%mdl 4096] Endgame KR-KB} 35. Kf1 {And now Ke2 would win.} Bc6 {[%mdl 1024] Black has compensation.} 36. Ke2 Bb5+ 37. Kd1 {Black must now prevent Kc2.} Ba4+ 38. Ke2 {Hoping for Kd3.} Bb5+ 39. Kd1 $1 {aiming for Kc2.} Ba4+ (39... Bd3 $15) 40. Ke2 {Weighted Error Value: White=0.33/Black=0.48} 1/2-1/2

[Event "19th Delhi GM Open 2022"]
[Site "Delhi"]
[Date "2022.03.25"]
[Round "6.10"]
[White "Sangma, Rahul"]
[Black "Mitrabha, Guha"]
[Result "1/2-1/2"]
[WhiteElo "2286"]
[BlackElo "2510"]
[Annotator "TA"]
[PlyCount "215"]
[EventDate "2022.03.22"]
[EventType "swiss"]
[EventCountry "IND"]
[SourceTitle "playchess.com"]
[Source "ChessBase"]
[SourceQuality "1"]

{[%evp 10,214,50,36,36,39,35,27,33,35,15,18,41,43,46,32,42,24,15,0,0,0,0,-31,-31,-51,-51,-50,-53,-48,-46,-50,-43,-48,-51,-52,-22,-40,-29,-45,-45,-47,-48,-45,-45,-49,-31,-58,-49,-72,-78,-88,-48,-43,-33,-39,-6,-25,0,0,0,0,38,9,10,0,98,70,70,68,62,62,103,88,157,132,159,135,94,70,104,97,288,259,275,257,262,243,478,472,311,114,251,0,109,0,0,0,0,0,0,0,0,0,0,0,0,0,0,0,0,0,0,0,0,0,0,0,0,0,0,0,0,0,0,0,0,0,0,0,0,0,0,0,0,0,0,0,0,0,0,-12847,0,0,0,0,0,0,0,0,0,0,0,0,0,0,0,0,0,0,0,0,0,0,0,0,0,-28000,-28000,-28000,-28000,-28000,-28000,-28000,-28000,-28000,-28000,-28000,-28000,-28000,-28000,-28000,-28000,-28000,-28000,-28000,-28000,-28000,-28000,-28000,-28000,-28000,-28000,-28000,-28000,-28000,-28000,-28000,-28000,-28000,-28000,-28000,-28000,-28000,-28000,-28000,-28000]} 1. e4 e5 2. Nf3 Nc6 3. Bb5 a6 4. Ba4 Bc5 5. O-O Nge7 6. c3 Ng6 {C64: Ruy Lopez: Classical Defence (3...Bc5) except 4 0-0 Nf6.} 7. d4 Ba7 8. Bxc6 dxc6 {White has an edge.} 9. Nxe5 Nxe5 10. dxe5 Qh4 11. Qf3 {[#]} Bg4 $146 ({Predecessor:} 11... Rg8 12. Be3 Bg4 13. Qf4 g5 14. Qf6 Bxe3 15. fxe3 Be6 16. Nd2 Rc8 17. g3 Qg4 {1-0 (44) Shahade,G (2476)-Csonka,B (2490) Chess.com INT 2021}) 12. Qf4 Qh5 13. Na3 O-O 14. Nc2 f6 $1 15. e6 ({But not} 15. exf6 Be2 16. Qg5 (16. Qxc7 $2 Rf7 $19) 16... Qxg5 17. Bxg5 Bxf1 18. Kxf1 h6 $17) 15... Bxe6 16. Be3 (16. Nd4 $5 {[%cal Rd4e6]} Rae8 17. Re1 $11 (17. Qxc7 $2 Bb8 $19) (17. Nxe6 Rxe6 18. Be3 Bxe3 $11)) 16... c5 17. b4 Rad8 18. Bxc5 Bxc5 19. bxc5 Qxc5 20. Nd4 Bc8 21. Qg3 Rfe8 22. Rfe1 b6 (22... Qc4 {seems wilder.} 23. h3 Rd7 24. Re3 Rde7 25. Nf3 h6) 23. Rad1 (23. Re3 {is interesting.} Qd6 24. f4 c5 25. Nf3 Qe6 26. a3) 23... Qd6 24. Qxd6 Rxd6 25. f3 Red8 26. Rb1 Kf7 27. Rb2 g6 28. Ree2 a5 29. e5 fxe5 30. Rxe5 Ba6 {Inhibits Rbe2.} 31. Kf2 Bc4 32. f4 Kf6 33. a3 h6 34. g4 Rf8 35. h4 Rf7 36. Kg3 Kg7 37. h5 Kf8 (37... c5 $11 38. Nf3 Rd3) 38. hxg6 $16 {White is more active.} Rxg6 39. f5 Rd6 40. Kf4 Kg7 (40... Re7 $14) 41. Rb1 c5 ({Black should try} 41... Rfd7) 42. Nf3 Bd5 43. Rd1 Rfd7 44. Nh4 $36 {[%cal Of5f6][%mdl 2048] f6+! is the strong threat. White fights for an advantage.} Kf6 $1 45. Re8 $1 Bf7 $2 (45... b5 $16 {was called for.}) 46. Rxd6+ $18 Rxd6 {[%mdl 4096] Endgame KRB-KRN} 47. Rb8 Ke7 48. Nf3 Be8 $2 (48... Bb3 {keeps fighting.} 49. Ne5 a4) 49. Ne5 b5 {[#]} 50. Rb7+ $2 (50. g5 $1 $18 {and the rest is easy. Strongly threatening f6+.} hxg5+ 51. Kxg5) 50... Kd8 (50... Kf8 $16 51. g5 hxg5+ 52. Kxg5 b4) 51. Rb8+ (51. g5 $18 hxg5+ 52. Kxg5) 51... Ke7 $16 52. Ng6+ (52. Ke3 $16) 52... Bxg6 $11 53. fxg6 Rxg6 {KR-KR} 54. Rb7+ Ke6 55. Rb6+ Kf7 56. Rb7+ Ke6 57. Rb6+ Kf7 58. Rxb5 Rf6+ 59. Ke5 Re6+ 60. Kf5 {Hoping for Rb7+.} Rf6+ 61. Ke5 Re6+ 62. Kd5 Rg6 63. Rb7+ Kg8 64. Kxc5 Rxg4 65. c4 h5 66. Rb1 Kf7 67. Re1 {Threatens to win with Kb5.} h4 68. Kb5 h3 69. Rh1 Rg3 70. a4 Rb3+ 71. Kc6 Ke7 72. c5 {Black must now prevent Kc7.} Kd8 73. Rh2 Rg3 74. Rd2+ Kc8 75. Rd6 $2 {[%mdl 8192]} (75. Rh2 $11) 75... Rb3 $2 (75... h2 $19 76. Rh6 {[#]} Rg6+ $3 {[%mdl 512]} 77. Rxg6 h1=Q+ 78. Kd6 Qd1+ 79. Ke6 Qxa4 80. Rg8+ Kc7) 76. Rh6 {[%cal Rh6h8]} Kb8 $1 77. Rh7 Ka8 78. Rh5 Ka7 79. Rh8 Ra3 80. Kb5 Rb3+ 81. Kc6 Ra3 82. Kb5 Rb3+ 83. Kxa5 Kb7 84. Rh6 Kc7 85. Ka6 Kd7 86. a5 Kc7 87. c6 h2 88. Rxh2 Kxc6 {Mate.} 89. Rh7 Ra3 90. Rh1 Kc7 91. Rb1 Ra2 92. Rb5 Kc6 93. Rh5 Kc7 94. Ka7 Kc6 95. a6 Kc7 96. Rc5+ Kd7 97. Kb6 Rb2+ 98. Ka7 Rb1 99. Rg5 Kc7 100. Rg7+ Kc8 101. Rb7 Rc1 102. Rb3 Kc7 103. Rb2 Rc3 104. Rb7+ Kc8 105. Kb6 Rb3+ 106. Kc6 Rxb7 107. axb7+ Kb8 108. Kb6 {What a fight!  Weighted Error Value: White=0.15 (very precise) /Black=0.22 (precise)} 1/2-1/2

[Event "19th Delhi GM Open 2022"]
[Site "Delhi"]
[Date "2022.03.25"]
[Round "6.11"]
[White "Fawzy, Adham"]
[Black "Bharat Kumar Reddy Poluri"]
[Result "1-0"]
[WhiteElo "2476"]
[BlackElo "2263"]
[Annotator "TA"]
[PlyCount "89"]
[EventDate "2022.03.22"]
[EventType "swiss"]
[EventCountry "IND"]
[SourceTitle "playchess.com"]
[Source "ChessBase"]
[SourceQuality "1"]

{[%evp 15,89,0,0,0,0,-8,49,45,56,45,43,41,43,34,29,31,36,35,39,31,98,98,145,146,188,189,196,122,200,194,160,184,214,211,212,200,205,204,200,197,318,284,294,299,272,244,247,208,245,242,588,599,593,606,606,602,584,584,570,562,552,474,29960,29960,29960,29961,29956,29958,29961,6115,29971,29971,29965,29966,5010,5006]} 1. e4 e6 2. d4 d5 3. Nc3 Bb4 4. e5 c5 5. a3 Bxc3+ 6. bxc3 Ne7 7. h4 Qa5 8. Bd2 Qa4 9. h5 {C18: French: 3 Nc3 Bb4: Main line: 7 h4 and 7 Qg4.} h6 10. Qg4 Nf5 (10... Kf8 $11) 11. Bd3 $14 {And now Bxf5 would win. White is slightly better.} Rg8 {[#]} 12. Qf4 $146 ({Predecessor:} 12. Nf3 Nc6 13. O-O c4 14. Bxf5 exf5 15. Qg3 g5 16. Rfb1 b6 17. Ne1 Be6 18. f4 {1-0 (54) Morozevich,A (2683)-Korovin,M (2240) Kazan 2016}) 12... c4 13. Bxf5 exf5 14. Kd1 Nc6 15. Ne2 Be6 16. Qh4 Qb5 17. Bc1 {To avoid Qb2} Qa5 (17... Qa4 $1 $14) 18. a4 $1 $16 b5 (18... Kd7 $142) 19. Ba3 b4 {[#]} (19... bxa4 $16 20. Bd6 f6) 20. cxb4 $1 $18 Nxb4 (20... Qxa4 $2 21. Nc3 Qa6 22. b5 $18) 21. Nc3 ({White should play} 21. Rb1 $18 Rb8 22. Nc3) 21... Rb8 (21... Nc6 $16 {keeps fighting.} 22. Kd2 (22. Nb5 Rb8 $14) 22... Qd8) 22. Rb1 {[%cal Oc3a2]} Kd7 {[#]} 23. Kd2 $1 {Hoping for Bxb4.} g5 24. hxg6 $1 Rxg6 25. Bxb4 {Really sharp!} Rxb4 26. Rxb4 Qxb4 27. Rb1 {[%cal Bh1b1,Bb1b7,Bb7b8][%mdl 32]} Qf8 (27... Rg4 $142) 28. Qh1 (28. Rb7+ Kc6 29. Rxa7 Rg4 $18) 28... Qd8 29. Rb7+ Ke8 30. Nb5 (30. Rxa7 Qg5+ 31. Ke2 Qg4+ 32. Kf1 Qxd4 33. Ra8+ Kd7 $11) 30... Kf8 31. Nd6 (31. Nxa7 Qa5+ 32. Ke2 Qxa4 $11) 31... Qa5+ 32. c3 Qxa4 $2 (32... Qd8 33. Qh5 (33. Rxa7 Qg5+ 34. Kc2 Qxg2 $18) 33... f4 34. Nxf7 (34. Rxa7 Qg5 $16) 34... Bxf7) 33. Rb8+ ({Inferior is} 33. Qh4 Qa2+ 34. Kc1 (34. Ke3 Qc2 $11) 34... Qa1+ 35. Kc2 (35. Kd2 Qa2+ 36. Kc1 Qa1+ 37. Kd2 Qa2+ $11) 35... Qe1 $11) 33... Kg7 {Threatens to win with ...Qa2+.} 34. Ne8+ Kh7 {White must now prevent ...Qa2+.} 35. Nf6+ Rxf6 36. exf6 {[%cal Ob8h8][%mdl 4096] Endgame KQR-KQB} Qa2+ 37. Ke3 {[%cal Ob8h8]} f4+ 38. Kf3 {[%cal Ob8h8]} Bg4+ (38... Qc2 $18 39. Qb1 Qxb1 40. Rxb1 Kg6 41. Kxf4 Kxf6) 39. Kxg4 Qe2+ 40. f3 Qe6+ 41. Kh4 Qxf6+ 42. Kh3 {White wants to mate with Qe1.} Qg5 43. Qb1+ Kg7 44. Qe1 Qf5+ 45. Kh2 {Weighted Error Value: White=0.05 (flawless) /Black=0.56} 1-0

[Event "19th Delhi GM Open 2022"]
[Site "Delhi"]
[Date "2022.03.25"]
[Round "6.12"]
[White "Tahbaz, Arash"]
[Black "Rohit S"]
[Result "1-0"]
[WhiteElo "2469"]
[BlackElo "2276"]
[Annotator "TA"]
[PlyCount "43"]
[EventDate "2022.03.22"]
[EventType "swiss"]
[EventCountry "IND"]
[SourceTitle "playchess.com"]
[Source "ChessBase"]
[SourceQuality "1"]

{[%evp 16,43,37,31,45,41,36,36,46,41,75,48,65,53,66,47,296,289,329,333,294,239,450,465,460,457,1236,1207,1193,1137]} 1. d4 Nf6 2. c4 e6 3. Nf3 d5 4. g3 Bb4+ 5. Bd2 Bd6 6. Bg2 O-O 7. O-O c6 8. Nc3 Nbd7 9. b3 {[%cal Bb2b3,Bb3b4][%mdl 32]} b6 {E01: Catalan: Early deviations.} 10. e4 dxe4 11. Ng5 Bb7 {White is slightly better.} 12. Ngxe4 {[#]} Bc7 $146 ({Predecessor:} 12... Be7 13. Qc2 Nxe4 14. Nxe4 c5 15. dxc5 f5 16. Nc3 Bxg2 17. Kxg2 Nxc5 18. Rad1 Qc7 {½-½ (47) Svane,R (2581)-Kollars,D (2510) Apolda 2017}) 13. b4 e5 14. d5 {d6 is the strong threat. White is more active.} cxd5 {[%cal Rf6e4]} 15. cxd5 {Strongly threatening d6.} Qe7 {Prevents d6. Loses the game.} (15... Nxd5 $2 16. Nxd5 Rc8 17. Nec3 $18) (15... Nxe4 $1 $14 16. Nxe4 (16. Bxe4 f5 $15) 16... Rc8) 16. Bg5 $1 $18 Qxb4 17. Bxf6 Nxf6 18. Rb1 Qd4 $2 {[#]} (18... Qe7 {was worth a try.}) 19. Nxf6+ $1 {White is clearly winning.} gxf6 20. Qh5 Qxc3 {[#]} (20... Bc8 $142 21. Nb5 Qg4 22. Qxg4+ Bxg4 23. Nxc7 Rab8) 21. Be4 $1 {[%csl Ge4][%cal Rh5h7]} Rfd8 22. Rbc1 {Weighted Error Value: White=0.05 (flawless) /Black=0.69} 1-0